[Event "WLS-ch Minor 64th"]
[Site "Cardiff"]
[Date "2018.04.02"]
[Round "7"]
[White "Fraser, Chris A"]
[Black "Smith, Callum A"]
[Result "1-0"]
[WhiteElo "1622"]
[BlackElo "1316"]
[PlyCount "57"]
[EventDate "2018.03.30"]
[EventType "swiss"]
[EventRounds "7"]
[EventCountry "WLS"]
[SourceTitle "EXT 2021"]
[Source "ChessBase"]
[SourceDate "2020.10.23"]
[SourceVersion "1"]
[SourceVersionDate "2020.10.23"]
[SourceQuality "1"]

1. c4 e5 2. g3 Nc6 3. Bg2 Nf6 4. Nc3 Bb4 5. Nd5 Nxd5 6. cxd5 Ne7 7. Nf3 Ng6 8. 0-0 0-0 9. e4 d6 10. d4 exd4 11. Nxd4 Bc5 12. Be3 a6 13. Qd2 Qf6 14. f4 Ba7 15. Rac1 Qe7 16. Rc2 Re8 17. Rfc1 Bb8 18. Bf2 Nf8 19. Re1 Qd8 20. Qc3 Nd7 21. Rce2 Qf6 22. Qd2 g6 23. Nf3 Nb6 24. Bd4 Qd8 25. b3 Bg4 26. Bb2 Bxf3 27. Bxf3 Qe7 28. Qc3 Qf8 29. Qh8# 1-0

[Event "WLS-ch Minor 64th"]
[Site "Cardiff"]
[Date "2018.03.31"]
[Round "3"]
[White "Smith, Chris P"]
[Black "Smith, Callum A"]
[Result "0-1"]
[WhiteElo "1446"]
[BlackElo "1316"]
[PlyCount "72"]
[EventDate "2018.03.30"]
[EventType "swiss"]
[EventRounds "7"]
[EventCountry "WLS"]
[SourceTitle "EXT 2021"]
[Source "ChessBase"]
[SourceDate "2020.10.23"]
[SourceVersion "1"]
[SourceVersionDate "2020.10.23"]
[SourceQuality "1"]

1. d4 d5 2. c4 dxc4 3. Nf3 e6 4. e3 b6 5. Bxc4 Bb7 6. 0-0 Nf6 7. Nc3 Bd6 8. h3 0-0 9. Qe2 c5 10. Rd1 Qc7 11. Nb5 Qe7 12. Nxd6 Qxd6 13. b3 Qc7 14. Ba3 Nbd7 15. Rac1 Rac8 16. Ba6 Qb8 17. Bxb7 Qxb7 18. Bb2 cxd4 19. Nxd4 Rxc1 20. Rxc1 Rc8 21. Rd1 h6 22. Nb5 Rc6 23. Qd3 a6 24. Nd6 Qc7 25. Qd4 e5 26. Qd2 Rc2 27. Qd3 Rxb2 28. Qxa6 Qc2 29. Rf1 Rxa2 30. Qb5 Ra5 31. Qb4 Qc5 32. Qd2 Qd5 33. Qb4 Ra2 34. Nc4 Qc5 35. Qc3 b5 36. b4 Qxc4 0-1